000 00934nac a22001931u 4500
008 110331s2005 ua|||||r|||| 000 0 ara d
020 _a9770913340
082 _a843.912
_bش م ي
100 _aشميت ، إريك يمانويل
_922745
245 _a مسيو إبراهيم وزهور القرآن:
_bرواية /
_cإريك إيمانويل شميت ؛ ترجمة وتقديم محمد سلماوي
246 _a مسيو إبراهيم وزهور القرءان
250 _aط2
260 _aالقاهرة :
_bدار الشروق، 2005
_c2005
300 _a80 ص؛
_c20 سم
650 _aالقصص الفرنسية
_915083
700 _aسلماوي ، محمد
_d1945
_922746
_eمترجم ومقدم
942 _cBB
_k843.912ش م ي
_2ddc
999 _c5715
_d5715